| 000 | 00391nam a22001337a 4500 | ||
|---|---|---|---|
| 020 | _a4-8337-0273-8 | ||
| 082 | _a621.381530422 GHA'E | ||
| 100 |
_aGHAUSI, M. S _966574 |
||
| 245 | _aELECTRONIC DEVICES AND CIRCUITS, DISCRETE AD INTEGRATED | ||
| 260 |
_aNEWYORK _bHOLT _c1985 |
||
| 300 | _a808P | ||
| 650 |
_aTRANSISTOR CIRCUITS TRANSISTOR AMPLIFIER DIGITAL ELECTRONICS _966575 |
||
| 942 | _cBK | ||
| 999 |
_c574525 _d574525 |
||